Top 10 Biker Films (IMDB) - Statistics

General Stats
  • This quiz has been taken 24 times
    7 since last reset
  • The average score is 1 of 11
Answer Stats
Film Year IMDB % Correct
Easy Rider 1969 7.2
100%
Akira 1988 8.0
17%
All About Ah-Long 1989 7.3
0%
A Moment of Romance 1990 7.3
0%
Pillion 2025 6.8
0%
Scorpio Rising 1963 6.8
0%
Spetters 1980 6.7
0%
The Place Beyond the Pines 2012 7.3
0%
The Road Warrior 1981 7.6
0%
The Wild One 1953 6.7
0%
The World's Fastest Indian 2005 7.8
0%
No matching quizzes found
Score Distribution
Percent of People with Each Score
Percentile by Number Answered
Your Score History
You have not taken this quiz since the last reset